Statistics for B ile Başlayan Ülkeler

Click here to take the quiz!

General Stats

  • This quiz has been taken 1 282 times
    (1 264 since last reset)
  • The average score is 9 of 19

Answer Stats

Ülke% Correct
Brezilya
79%
Belçika
74%
Bulgaristan
66%
Bolivya
64%
Bangladeş
57%
Belarus
57%
Birleşik Krallık
49%
Bosna-Hersek
48%
Belize
46%
Bahreyn
43%
Bhutan
43%
Bahamalar
42%
Botsvana
41%
Benin
40%
Barbados
39%
Burundi
39%
Brunei
37%
Burkina Faso
34%
Birleşik Arap Emirlikleri
33%

Score Distribution

Percentile by Number Answered

Percent of People with Each Score

Your Score History

You have not taken this quiz since the last reset